1769 1321 1115 1901 1555 1483 1389 1809 1901 1091 1252 1467 1703 1848 1247 1931 1289 1967 1946 1481 1712 1200 1497 1156 1936 1014 1462 1178 1642 1153 1384 1906 1335 1077 1739 1782 1522 1552 1991 1416 1958 1113 1912 1584 1317 1443 1822 1374 1220 1438 1010 1410 1201 1551 1671 1118 1397 1047 1523 1864 1370 1541 1656 1349 1366 1836 1007 1909 1207 1401 1426 1506 1750 1133 1186 1111 1303 1749 1567 1836 1886 1310 1916 1101 1678 1000 1021 1928 1060 1043 1057 1803 1808 1320 1649 1307 1826 1427 1836 BCNSPRNW ULIB Ver.6.0+V

เปลี่ยนเป็นภาษาไทย

Change to English
 แสดงรายละเอียดบรรณานุกรม
  กลับหน้าหลัก

Brief Record : Get Marc (ISO 2709) : E-mail record : QR code < ปิดหน้าต่าง
LEADER : 00000nam 2200000uu 4500
001    13399111873
003     ULIB
008    110711s2546||||th 000 0 tha d
020    9743381961 (2546)
050 04 DS589N4^bน127ส 2546
245 00 สมุดรายงานสถิติจังหวัดนครสวรรค์ =^bStatistical reports of changwat Nakhon Sawan /^cสำนักงานสถิติแห่งชาติ
260    กรุงเทพฯ :^bสำนักงานสถิติแห่งชาติ,^c2546
300    125 หน้า ;^c30 ซม
500    มีคำบรรยายภาษาอังกฤษ
590    ห้องสมุดมี: 2516-
650  7 คมนาคม^zไทย^zนครสวรรค์
650  7 เกษตรกรรม^zไทย^zนครสวรรค์
651  7 นครสวรรค์^xภาวะเศรษฐกิจ
651  7 นครสวรรค์^xอุตสาหกรรม
651  7 นครสวรรค์^xประชากร
651  7 นครสวรรค์^xสถิติ
710 2  สำนักงานสถิติแห่งชาติ
740 0  Statistical reports of changwat Nakhon Sawan
945    ^p0^l0^i016444
995    ทศพร
999 ^a ใช้งานได้ทุกระบบ
รายการนี้ยังไม่มีแท็ก
คุณยังไม่ได้ล็อกอิน คุณสามารถมีกิจกรรมร่วมกับเว็บไซต์ได้ แต่ต้องล็อกอินก่อน ::
  ล็อกอิน

รายการสื่อสารสนเทศ

ลำดับที่ ประเภท เลขเรียก/บาร์โค้ด สถานที่ สถานะ
- ไม่พบข้อมูล -

BibComment


ยังไม่เคยถูกคอมเมนท์

คอมเมนท์ทรัพยากรรายการนี้
  คอมเมนท์: สมุดรายงานสถิติจั..


 Copyright 2026. Bcnsprnw @Library